00452nam a2200145 a 450000500170000000800410001705000230005810000190008124500520010026000730015230000290022552100090025465000210026365000220028420140311163001.0030220s19uu xx 00 eng d aHB 615b.Or64 2000 aOrcullo, N. A. aContemporary entrepreneurship /cN. A. Orcullo. aQuezon City :bNEw Galaxie Lithoraphic Arts & Printing Press,c2000. a298 p. :bill. ;c22 cm. aBSBA aEntrepreneurship aBusiness planning